01134cam a22002894i 4500003000900000005001700009008004100026020001500067035002700082040003300109082001900142100003100161245004300192264005500235300003800290336002100328337002500349338002300374505035400397526000900751526000900760526000800769526000800777526000800785526000800793650004300801PE-LiUPU20250731175645.0150616s r 000 0 d a0801010438 a(Sirsi) i9780801010439 aPE-LiUPUbspacPE-LiUPUerda04a487.4bB572211 aBlack, David Alan,eautor.10aUsing New Testament Greek in Ministry. 1aGrand Rapids, Michigan :bBaker Book House,c1993. a128 páginas ;c21 centímetros atext2rdacontent aunmediated2rdamedia avolume2rdacarrier0 aYou and Your Greek New Testament: Clarifying objectives -- Off the Shelf and into Yourself: Selecting the Right Tools for Greek Exegesis -- Getting Oriented: The Nature and Task of Greek Exegesis -- Developing Your Exegetical Skills: A Concise Guide to Greek Exegesis -- From Theory to Practice: Employing the Principles and Tools -- Greek exegesis. aP145 aP127 aP97 aP35 aP14 aP0704aGRIEGO BIBLICO - MANUALES, GUIAS, ETC.